|
|
|
|
| LEADER |
00000nam a2200000Ia 4500 |
| 001 |
7898, 8790, 9090, 9470, 9787, 10670, 10646, 10876, 11725, 11600, 12235, 12223, 13576, 18227 |
| 003 |
Arxiu |
| 005 |
20260324181509.0 |
| 008 |
160829s1988 spc xx r s cat c |
| 040 |
|
|
|a AGDB
|
| 080 |
|
|
|a O-1-69, O-1-70, O-1-71, O-1-72, O-1-74, FU-11-51, FU-11-52, FU-11-53, O-1-74, FU-11-54, FU-11-55, FU-11-56, O-1-107, FU-50-4
|
| 110 |
1 |
|
|a Barcelona (Catalunya : Província).
|b Diputació
|9 52408
|
| 245 |
1 |
0 |
|a Catàleg general de publicacions de la Diputació de Barcelona
|
| 260 |
|
|
|a Barcelona :
|b Diputació de Barcelona,
|c 1988-
|
| 300 |
|
|
|a Volums ;
|c 22 cm
|
| 590 |
|
|
|a Hi ha un duplicat de 1812-1987 a: DUP-310
|
| 610 |
1 |
0 |
|9 53681
|a Barcelona (Catalunya : Província).
|b Diputació
|v Catàlegs
|
| 610 |
2 |
0 |
|9 56042
|a Barcelona (Catalunya : Província).
|b Diputació
|x Bibliografia
|
| 650 |
|
|
|a Barcelona. Diputació
|x Catàlegs
|9 22986
|
| 866 |
|
|
|a 1812-1987, 1988, 1989, 1990, 1991, 1992, 1993, 1994, 1995, 1996, 1997, 1998, 2000, 2001
|
| 901 |
|
|
|a Arxiu
|
| 942 |
|
|
|n 1
|2 udc
|c ARXIU
|
| 952 |
|
|
|0 0
|1 0
|4 0
|6 O169_O170_O171_O172_O174_O1107
|7 1
|9 49249
|a Arxiu
|b Arxiu
|d 2016-12-01
|o O-1-69, O-1-70, O-1-71, O-1-72, O-1-74, O-1-107
|p 7898, 8790, 9090
|r 2016-12-01 00:00:00
|w 2016-12-01
|y ARXIU
|
| 952 |
|
|
|0 0
|1 0
|4 0
|6 FU1151
|7 1
|9 65749
|a Arxiu
|b Arxiu
|d 2023-03-22
|h 1992
|l 0
|o FU-11-51
|p 10670
|r 2023-03-22 00:00:00
|w 2023-03-22
|y ARXIU
|
| 952 |
|
|
|0 0
|1 0
|4 0
|6 FU1152
|7 1
|9 65750
|a Arxiu
|b Arxiu
|d 2023-03-22
|h 1993
|l 0
|o FU-11-52
|p 10646
|r 2023-03-22 00:00:00
|w 2023-03-22
|y ARXIU
|
| 952 |
|
|
|0 0
|1 0
|4 0
|7 1
|9 65751
|a Arxiu
|b Arxiu
|d 2023-03-22
|h 1994
|o FU-11-53
|p 10876
|r 2023-03-22 00:00:00
|w 2023-03-22
|y ARXIU
|
| 952 |
|
|
|0 0
|1 0
|4 0
|6 FU1154
|7 1
|9 65752
|a Arxiu
|b Arxiu
|d 2023-03-22
|h 1996
|l 0
|o FU-11-54
|p 11600
|r 2023-03-22 00:00:00
|w 2023-03-22
|y ARXIU
|
| 952 |
|
|
|0 0
|1 0
|4 0
|7 1
|9 65753
|a Arxiu
|b Arxiu
|d 2023-03-22
|h 1997
|o FU-11-55
|p 12235
|r 2023-03-22 00:00:00
|w 2023-03-22
|y ARXIU
|
| 952 |
|
|
|0 0
|1 0
|4 0
|6 FU1156
|7 1
|9 65754
|a Arxiu
|b Arxiu
|d 2023-03-22
|h 1998
|l 0
|o FU-11-56
|p 12223
|r 2023-03-22 00:00:00
|w 2023-03-22
|y ARXIU
|
| 952 |
|
|
|0 0
|1 0
|4 0
|6 FU504
|7 1
|9 66061
|a Arxiu
|b Arxiu
|d 2023-04-11
|h 2001
|l 0
|o FU-50-4
|p 18227
|r 2023-04-11 00:00:00
|w 2023-04-11
|y ARXIU
|
| 999 |
|
|
|c 53089
|d 53089
|